000 00717nam a2200229 i 4500
003 IT-RoINE
005 20150902101253.0
008 920725s1946 sp r | spa d
040 _aSpMaBN
_cIT-RoINE
_dIT-RoINE
100 1 _aLlorca, Bernardino,
_95682
_cS.I.,
_d1898-1985
245 1 0 _aManual de historia eclesiástica /
_cpor el P. Bernardino Llorca S.J.
250 _a2ª ed. revisada.
260 _aBarcelona :
_bLabor,
_c1946.
300 _aXXXII, 921 p. ;
_c22 cm.
336 _2rdacontent
_atext
337 _2rdamedia
_aunmediated
338 _2rdacarrier
_avolume
500 _aIncluye índices.
504 _aBibliografía: p. [862]-875
610 2 4 _91635
_aIglesia Católica
_xHistoria
942 _cMTS
999 _c10033
_d10033